000 00324nam a22001457a 4500
008 190205b xxu||||| |||| 00| 0 eng d
020 _a0205184596
041 _aeng
080 _a338
082 _a338
100 _a54
101 _aMEN
245 _aEducational administration
_cCordeiro A. Paula
942 _2udc
_cBK
999 _c53988
_d53988